Jahrbuch Für Kulturpolitik 2021/22 : Kultur der Nachhaltigkeit.

Bibliographic Details
Main Author: Kröger, Franz.
Other Authors: Mohr, Henning., Sievers, Norbert., Weiß, Ralf.
Format: eBook
Language:German
Published: Bielefeld : Transcript Verlag, 2022.
Edition:1st ed.
Series:Jahrbuch Für Kulturpolitik Series
Subjects:
Online Access:Click to View
LEADER 01591nam a22003973i 4500
001 EBC30469262
003 MiAaPQ
005 20231204023230.0
006 m o d |
007 cr cnu||||||||
008 231204s2022 xx o ||||0 ger d
020 |a 9783839461730  |q (electronic bk.) 
035 |a (MiAaPQ)EBC30469262 
035 |a (Au-PeEL)EBL30469262 
035 |a (OCoLC)1353269688 
040 |a MiAaPQ  |b eng  |e rda  |e pn  |c MiAaPQ  |d MiAaPQ 
100 1 |a Kröger, Franz. 
245 1 0 |a Jahrbuch Für Kulturpolitik 2021/22 :  |b Kultur der Nachhaltigkeit. 
250 |a 1st ed. 
264 1 |a Bielefeld :  |b Transcript Verlag,  |c 2022. 
264 4 |c {copy}2022. 
300 |a 1 online resource (559 pages) 
336 |a text  |b txt  |2 rdacontent 
337 |a computer  |b c  |2 rdamedia 
338 |a online resource  |b cr  |2 rdacarrier 
490 1 |a Jahrbuch Für Kulturpolitik Series ;  |v v.18 
588 |a Description based on publisher supplied metadata and other sources. 
590 |a Electronic reproduction. Ann Arbor, Michigan : ProQuest Ebook Central, 2023. Available via World Wide Web. Access may be limited to ProQuest Ebook Central affiliated libraries.  
655 4 |a Electronic books. 
700 1 |a Mohr, Henning. 
700 1 |a Sievers, Norbert. 
700 1 |a Weiß, Ralf. 
776 0 8 |i Print version:  |a Kröger, Franz  |t Jahrbuch Für Kulturpolitik 2021/22  |d Bielefeld : Transcript Verlag,c2022 
797 2 |a ProQuest (Firm) 
830 0 |a Jahrbuch Für Kulturpolitik Series 
856 4 0 |u https://ebookcentral.proquest.com/lib/matrademy/detail.action?docID=30469262  |z Click to View